=LDR 00000nam 2200000 4500 =001 INLIS000000000036304 =005 20140524145238.0 =006 =007 =008 Ind =035 ##$$a 0010-061300000036304 =041 ##$$a Ind =082 ##$$a 813 =090 ##$$a 813, Zen =100 ##$$a Zeng, Astrid =245 ##$$a Sleepaholic (jatuh cinta), Astrik Zeng ; editor, Hetih Rusli =260 ##$$a 2010 $b Jakarta =300 ##$$a 319 hlm, 18 cm =650 ##$$a Fiksi Indonesia =700 ##$$a Rusli, Hetih =850 ##$$a NBPNMAT =990 ##$$a 21400613/BPAP-NTB/20142014